000
00265nam a2200109Ia 4500
008
190914s9999||||xx |||||||||||||| ||und||
100
_a
Khawja Amjad Saeed
245
0
_a
Economy Of Pakistan
260
_a
Lahore
_b
World Scientific
_c
2000
300
_a
321
942
_c
BK
999
_c
8591
_d
8591